In search of celebration / (Record no. 64140)

MARC details
000 -LEADER
fixed length control field 00433nam a22001577a 4500
005 - DATE AND TIME OF LATEST TRANSACTION
control field 20181128145127.0
010 ## - LCCN (DPL NO)
LC control number B-126134
020 ## - INTERNATIONAL STANDARD BOOK NUMBER
International Standard Book Number 8176211516
Terms of availability 125.00
035 ## - SYSTEM CONTROL NUMBER
System control number B-126121, B-126134, B-126135
037 ## - SOURCE OF ACQUISITION
Stock number DPL
Source of stock number/acquisition ENG
100 ## - MAIN ENTRY--PERSONAL NAME
Personal name Osho
245 ## - TITLE STATEMENT
Title In search of celebration /
Statement of responsibility, etc by Osho
260 ## - PUBLICATION, DISTRIBUTION, ETC. (IMPRINT)
Place of publication, distribution, etc New Delhi
Name of publisher, distributor, etc Full Circle Publishing
Date of publication, distribution, etc 2004
300 ## - PHYSICAL DESCRIPTION
Extent 197p.
Dimensions 20 cms.
942 ## - ADDED ENTRY ELEMENTS (KOHA)
Source of classification or shelving scheme Dewey Decimal Classification
Item type English Books
Classification part 181.499
Call number suffix OSH
Holdings
Withdrawn status Lost status Not for loan Collection code Home library Current library Date acquired Cost, normal purchase price Full call number Barcode Cost, replacement price Koha item type Source of acquisition
      Non-fiction Sarojini Nagar Sarojini Nagar 19/03/2012 125.00 181.499 OSH B-126121 125.00 English Books  
      Non-fiction Vigyan Vihar Vigyan Vihar 28/11/2018 125.00 181.499 OSH B-126135 125.00 English Books BPPD/PUB
      Non-fiction Yojana Vihar Yojana Vihar 08/11/2018 125.00 181.499 OSH B-126134 125.00 English Books BPPD/PUB

© Delhi Public Library
Hit Counter
free hit counter